Statistics for Asean countries quizz (1/2)

Click here to take the quiz!

General Stats

  • This quiz has been taken 18 times
  • The average score is 5 of 5

Answer Stats

Answer% Correct
Indonesia
100%
Malaysia
100%
Singapore
100%
Brunei
94%
Philippines
75%

Score Distribution

Percentile by Number Answered

Percent of People with Each Score

Your Score History

You have not taken this quiz